logo

Bir Sreshtho Munshi Abdur Rouf Library
Jhenaidah Cadet College

Selected Poems / (Record no. 11026)

MARC details
000 -LEADER
fixed length control field 00562nam a2200229 a 4500
001 - CONTROL NUMBER
JCCL Control Number 11026
003 - CONTROL NUMBER IDENTIFIER
JCCL marc code BD-JhCC
005 - DATE AND TIME OF LATEST TRANSACTION
control field 20200220134008.0
008 - FIXED-LENGTH DATA ELEMENTS--GENERAL INFORMATION
fixed length control field 190625s20092019bg |||| |||| 000 0 eng d
020 ## - INTERNATIONAL STANDARD BOOK NUMBER
International Standard Book Number 9847002002820
035 ## - SYSTEM CONTROL NUMBER
system control number (BD-JhCC)11026
040 ## - CATALOGING SOURCE
Original cataloging agency BD-JhCC
Modifying agency BD-JhCC
041 ## - LANGUAGE CODE
Language code of Book eng
082 ## - DEWEY DECIMAL CLASSIFICATION NUMBER
Classification number 811.52
Author mark and Year FOR 2019
100 ## - MAIN ENTRY--PERSONAL NAME
Personal name Frost, Robert
245 ## - TITLE STATEMENT
Title Selected Poems /
Statement of responsibility, etc Robert Frost
260 ## - PUBLICATION, DISTRIBUTION, ETC. (IMPRINT)
Place of publication, distribution, etc Dhaka :
Name of publisher, distributor, etc Friends classics,
Date of publication, distribution, etc 2019
300 ## - PHYSICAL DESCRIPTION
Pagination 300 p. :
Dimensions 22 cm
650 ## - SUBJECT ADDED ENTRY--TOPICAL TERM
Topical term or geographic name as entry element American poetry
650 ## - SUBJECT ADDED ENTRY--TOPICAL TERM
Topical term or geographic name as entry element Poetry
942 ## - ADDED ENTRY ELEMENTS (KOHA)
Source of classification or shelving scheme Dewey Decimal Classification
Koha item type Books
Koha issues (borrowed), all copies 4
Holdings
Source of classification or shelving scheme Damaged status Not for loan Home library Current library Shelving location Date of accession Cost, normal purchase price Total Checkouts Full call number Barcode Date last seen Date checked out Copy number Koha item type
Dewey Decimal Classification     JCC Rouf Library JCC Rouf Library General Stacks 06/25/2019 225.00 2 811.52 FOR 2019 15030 03/29/2020 02/19/2020 C-1 Books

JCC Library | Contacts | JCC Home

Last Update on 23 September 2017
Copyright @ 2017-2020 JCC Rouf Library
Rouf Library, Jhenidah Cadet College (JCC), Bangladesh